000 00700nam a22001937a 4500
999 _c15559
_d15559
003 AR-CdUCM
008 190429b ||||| |||| 00| 0 spa d
040 _aMUNICIPALIDAD PROVINCIAL DEL CUSCO
_cBIBLIOTECA MUNICIPAL DEL CUSCO
082 _a129.66 /
_bO77 / 1930
100 _aOrtega y Gasset, José
_95772
245 _aLa rebelión de las masas /
260 _aMadrid :
_bRevista Occidente
_c1930.
505 _aContenido :El hecho de la aglomeración --La subida del nivel histórico --La altura de los tiempos ...
650 _aCivilización contemporánea
_934667
650 _aProletariado.
_94333
650 _aCultura occidental
_97532
942 _2ddc
_cLIBROS
945 _arjall
_d2019-04-29